000 00356nam a2200145Ia 4500
008 150201s2003 xx 000 0 und d
082 _a612
_bE2003D
100 _aDUTTA. A. K.
245 _aESSENTIAL OF HUMAN ANATOMY
250 _a3RD
260 _bCURRENT BOOKS INTERNATIONAL
_aCALCUTTA
_c2003
300 _a1-373
650 _aANATOMY
942 _2ddc
_cBK
999 _c2835
_d2835